000
00281nam a2200097Ia 4500
082
_a
747.797 BEST
245
0
_a
Best signature kitchens
100
_a
Creative Homeowner Press Upper Saddle River, NJ, 2009
_9
70510
942
_c
BK
008
210817s9999 xx 000 0 und d
999
_c
255842
_d
255841